Pozsony nyugati oldala.

Zobrazenie: Pohľad na Bratislavu okolo roku 1860. V pozadí Bratislavský hrad a nábrežie Dunaja.

Bibliographic Details
Format: Photo
Language:Hungarian
German
PhysicalDescription:1 tlač čb 12 x 17 cm
Published: [S.l. s.n.] [medzi 1900 a 2000?]
Subjects:

MARC

LEADER 00000nkmaa2200000 a 4500
001 vtls012076044
003 SK-MaSNL
005 20260426003841.0
007 kj bo
008 230420q1900 xx | ||00 k|hun
035 |a urn:nbn:sk:snk-km00ib1f 
035 |a 234B76FB-8E8B-4734-9950-F9EFCF39E11B 
040 |a SNKLA  |b slo  |c SNKLA  |e AACR2 
041 0 |a hun  |a ger 
245 0 0 |a Pozsony nyugati oldala.  |h grafika 
246 1 1 |a Pressburg abendseite 
260 |a [S.l.  |b s.n.]  |c [medzi 1900 a 2000?] 
300 |a 1 tlač  |b čb  |c 12 x 17 cm 
500 |a Tlač rytiny je súčasťou zbierky mesta Bratislava. Rozmer papiera je 14 x 18 cm. Je v pasparte s rozmerom 24 x 28 cm 
500 |a Pôvodný vydavateľ: Druck & Verlag v. G. G. Lange in Darmstadt 
520 2 |a Zobrazenie: Pohľad na Bratislavu okolo roku 1860. V pozadí Bratislavský hrad a nábrežie Dunaja. 
610 2 7 |a Bratislavský hrad  |2 SNKKA  |9 63101 
650 0 7 |a rytiny  |2 SNKPH  |9 3153 
650 0 7 |a nábrežia  |2 SNKPH  |9 22989 
650 0 7 |a hrady  |2 SNKPH  |9 3039 
651 7 |a Bratislava (Slovensko)  |2 SNKPHgeo  |9 14568 
651 7 |a Dunaj (rieka)  |2 SNKPHgeo  |9 22602 
655 7 |a reprodukcie umeleckých diel  |2 SNKPH  |9 70730 
655 7 |a tlače  |2 SNKLA  |9 342720 
700 1 |a Rohbock, Ludwig,  |d 1824-1893  |4 art  |9 367621 
700 1 |a Poppel, Johann Gabriel Fridrich,  |d 1807-1882  |4 art  |9 86989 
710 2 |a Druck & Verlag v. G. G. Lange in Darmstadt  |4 pbl  |9 367623 
852 |a Slovenská národná knižnica  |b Literárny archív 
958 |a ZT 
958 |a ONDV 
999 |c 956939  |d 958869 
952 |a SNKLA  |b SNKLA  |y NEVYP  |7 0  |p 17A1311899  |o snkPB 100/78  |i snkLA 2262/1962  |0 0  |1 0  |4 0  |d 2021-11-04  |f 1  |l 0  |r 2026-02-24 10:07:09  |w 2026-02-24